Music Quiz

Random Music or Lyrics Quiz
Score 0/239 Timer 07:00
0 Plays Today
Lyrics % Correct
and
88.3%
and
88.3%
and
88.3%
the
88.3%
and
88.3%
the
88.3%
the
88.3%
the
88.3%
the
88.3%
and
88.3%
the
88.3%
and
88.3%
the
88.3%
the
88.3%
and
88.3%
the
88.3%
a
88.3%
and
88.3%
and
88.3%
you
87.5%
you
87.5%
you
87.5%
you
87.5%
you
87.5%
you
87.5%
you
87.5%
you
87.5%
you
87.5%
you
87.5%
you
87.5%
you
87.5%
you
87.5%
to
73.1%
to
73.1%
to
73.1%
to
73.1%
be
72.1%
it
71.5%
it
71.5%
it
71.5%
it
71.5%
it
71.5%
it
71.5%
it
71.5%
it
71.5%
we
70.5%
go
68.3%
I
68%
I
68%
I
68%
I
68%
I
68%
I
68%
I
68%
I
68%
I
68%
I
68%
I
68%
I
68%
in
64.2%
in
64.2%
in
64.2%
in
64.2%
so
63.7%
for
63.2%
for
63.2%
my
62.8%
my
62.8%
me
62.3%
me
62.3%
is
60.7%
your
58.9%
look
58%
look
58%
look
58%
when
58%
when
58%
look
58%
look
58%
look
58%
Lyrics % Correct
never
57.8%
never
57.8%
never
57.8%
never
57.8%
around
57.5%
around
57.5%
can
57.5%
around
57.5%
around
57.5%
around
57.5%
over
57.3%
over
57.3%
over
57.3%
ever
57.1%
up
55.9%
up
55.9%
celebrity
55.5%
celebrity
55.5%
I'm
55.5%
I'm
55.5%
I'm
55.5%
of
55.2%
of
55.2%
of
55.2%
one
55%
who
54.8%
have
54.3%
don't
54.1%
want
53.7%
want
53.7%
round
53.2%
take
53.2%
take
53.2%
take
53.2%
will
53.2%
will
53.2%
will
53.2%
round
53.2%
round
53.2%
here
52.5%
here
52.5%
out
52%
out
52%
skin
51.8%
what
51.6%
I've
51.4%
stop
51.2%
two
51.2%
stop
51.2%
stop
51.2%
stop
51.2%
like
50.9%
got
50.9%
got
50.9%
push
50.5%
push
50.5%
all
50.4%
three
50%
lights
50%
lights
50%
say
49.6%
say
49.6%
step
49.5%
step
49.5%
step
49.5%
been
49.3%
how
48.8%
repeat
48.4%
think
48.2%
think
48.2%
shiny
48%
could
47.2%
smoke
46.8%
luck
46.6%
shake
46.4%
shake
46.4%
shake
46.4%
until
46.3%
down
46.1%
mirrors
45.9%
Lyrics % Correct
well
45.7%
well
45.7%
trading
45.2%
clear
45.2%
guess
43.4%
their
43.2%
shut
43.1%
why
42.9%
why
42.9%
why
42.9%
why
42.9%
just
42.5%
just
42.5%
just
42.5%
at
42.3%
at
42.3%
mouth
42.2%
stops
41.8%
stops
41.8%
better
41.5%
church
41.5%
girls
41.3%
forever
41.1%
know
40.9%
pretty
40.4%
pretty
40.4%
dresses
40.2%
seats
40.2%
asses
40%
charming
38.8%
status
38.3%
impress
38.1%
yeah
37.9%
swallow
37.7%
prima
37.5%
donna
37.2%
pray
37.2%
beat
37.2%
were
37%
I'd
36.5%
behind
36.1%
work
34.7%
disappear
34.3%
Let
34.3%
can't
34.2%
they
34.2%
wonder
34%
wonder
34%
us
33.3%
every
32.9%
sell
32.4%
smiling
31.1%
sorry
30.6%
sorry
30.6%
sorry
30.6%
sorry
30.6%
sever
30.2%
end
30.2%
thought
30.2%
nowhere
29.5%
friend
29%
between
27.6%
wreck
27.4%
whatever
26.9%
clean
26.5%
somebody
26.3%
back
26.3%
trying
26.2%
trying
26.2%
trying
26.2%
piece
25.6%
resurrect
24.7%
buy
24.6%
There's
24%
everybody
23.7%
throwing
21.5%
oughta
20.8%
they're
20.6%
depend
19.6%

You're not logged in!

Compare scores with friends on all Sporcle quizzes.
OR
Log In

Sporcle TV

Today on Sporcle TV


Watch our educational content, quiz creation guides, and fun videos on Sporcle TV.

Show Comments

Extras

Top Quizzes Today


Score Distribution

Paid Content

Your Account Isn't Verified!

In order to create a playlist on Sporcle, you need to verify the email address you used during registration. Go to your Sporcle Settings to finish the process.

Report this User

Report this user for behavior that violates our Community Guidelines.

Details: